Flagi państw na literę A w Minecrafcie - Statystyki

Ogólne statystyki
  • Ten quiz został rozwiązany 22 razy
  • Średni wynik to 12 z 12
Statystyki odpowiedzi
Obrazkowy Odpowiedź % Poprawnych
Albania
100%
Algieria
100%
Argentyna
100%
Armenia
100%
Australia
100%
Austria
100%
Andora
95%
Angola
95%
Antigua i Barbuda
95%
Arabia Saudyjska
95%
Azerbejdżan
90%
Afganistan
86%
Nie znaleziono quizów pasujących do podanych kryteriów
Rozkład punktacji
Procent ludzi z każdym wynikiem
Percentyl według liczby udzielonych odpowiedzi
Twoja historia wyników
Nie rozwiązałeś tego quizu